Missing Word: 1980s 'G' Song Endings Quiz Stats

Quiz Updated Sep 26, 2016

Challenge
Share
Tweet
Embed
Score 0/20 Timer 04:00
2 Plays Today
Song Missing Word % Correct
What You See is What You _____Get
95.8%
I Heard It Through the _____Grapevine
95.1%
Wake Me Up Before You _____Go-go
93.8%
Hurts So _____Good
93.5%
Gone Daddy _____Gone
92.9%
Forever Your _____Girl
92.3%
Back on the Chain _____Gang
90.2%
Praying to a New _____God
89%
Break It to Me _____Gently
78.8%
Enola _____Gay
76.3%
Song Missing Word % Correct
Smoking _____Gun
70.7%
Higher _____Ground
68.5%
Radio _____Ga-Ga
63.7%
Satisfaction _____Guaranteed
57.1%
Touch of _____Grey
49%
My _____Guy
45.2%
Let's _____Groove
36.8%
Passion Rules the _____Game
28.7%
Sunset _____Grill
28.3%
Dead _____Giveaway
11.5%

Today's Daily Dose

You're not logged in!

Compare scores with friends on all Sporcle quizzes.
Join for Free
OR
Log In

You Might Also Like...

Show Comments

Extras

Top Quizzes Today


Score Distribution

Your Account Isn't Verified!

In order to create a playlist on Sporcle, you need to verify the email address you used during registration. Go to your Sporcle Settings to finish the process.

Report this User

Report this user for behavior that violates our Community Guidelines.

Details: